Di tích lịch sử & di sản văn hóa Việt Nam

Gồm 3 phần chính; Ph.1: Di tích lịch sử văn hóa Việt Nam; Ph.2: Di sản văn hóa Việt Nam; Ph.3: Danh lam thắng cảnh Việt Nam

Bewaard in:
Bibliografische gegevens
Hoofdauteur: Thùy Linh
Andere auteurs: Việt Trinh
Formaat: Boek
Taal:Undetermined
Gepubliceerd in: Lao động 2011
Onderwerpen:
Online toegang:http://lrc.tdmu.edu.vn/opac/search/detail.asp?aID=2&ID=20173
Tags: Voeg label toe
Geen labels, Wees de eerste die dit record labelt!
Thư viện lưu trữ: Trung tâm Học liệu Trường Đại học Thủ Dầu Một
LEADER 00878nam a2200193Ia 4500
001 TDMU_20173
008 210410s9999 xx 000 0 und d
082 |a 915.97 
090 |b TH523 
100 |a Thùy Linh 
245 0 |a Di tích lịch sử & di sản văn hóa Việt Nam 
260 |b Lao động 
260 |c 2011 
300 |a 511tr. 
520 |a Gồm 3 phần chính; Ph.1: Di tích lịch sử văn hóa Việt Nam; Ph.2: Di sản văn hóa Việt Nam; Ph.3: Danh lam thắng cảnh Việt Nam  
650 |a Danh lam thắng cảnh  |z Việt Nam; Di sản văn hóa  |z Việt Nam; Di tích lịch sử  |z Việt Nam; Mô tả du lịch  |z Việt Nam  
700 |a Việt Trinh 
856 |u http://lrc.tdmu.edu.vn/opac/search/detail.asp?aID=2&ID=20173 
980 |a Trung tâm Học liệu Trường Đại học Thủ Dầu Một